| 000 | 01029nam a22002417a 4500 | ||
|---|---|---|---|
| 999 |
_c1667 _d1667 |
||
| 003 | CoMeUDC | ||
| 005 | 20230413112519.0 | ||
| 008 | 230413b ||||| |||| 00| 0 eng d | ||
| 040 |
_cCO-UdeC _eAARC _eISBD |
||
| 082 |
_a323 _bM672 |
||
| 100 |
_92311 _aMiranda Abaúnza, Hernan _eautor |
||
| 245 |
_aAnálisis comparado del derecho sancionatorio electoral, entre Colombia y los demás países miembros de la UNIORE / _cHernan Miranda Abaúnza. |
||
| 260 |
_aBogotá : _bRegistraduría Nacional de Estado Civil, _bCentro de Estudios en Democracia y Asuntos Electorales, _c2015. |
||
| 300 |
_a64 p. ; _c25 cm. |
||
| 490 |
_aDemocracia ; _v1 |
||
| 504 | _aIncluye bibliografía | ||
| 505 | _aLa función electoral en Colombia y su ámbito sancionador -- Derecho administrativo sancionador en los países miembros de la UNIORE -- Conclusiones y recomendaciones | ||
| 546 | _aEspañol | ||
| 650 | 0 |
_91881 _aDerecho administrativo |
|
| 651 | 0 |
_91587 _aColombia |
|
| 653 | _aDerecho sancionatorio electoral | ||
| 942 |
_2ddc _cBK |
||